| 000 | 01386nam a2200265Ia 4500 | ||
|---|---|---|---|
| 003 | Ost | ||
| 005 | 20260507075242.0 | ||
| 008 | 260507s9999||||xx |||||||||||||| ||und|| | ||
| 020 | _a14782499579 | ||
| 040 | _cfsecg | ||
| 041 | _aara | ||
| 082 | _a330 | ||
| 100 |
_aعليان، ربحي مصطفى _eمؤلف |
||
| 245 | 0 |
_aتسويق المعلومات و خدمات المعلومات / _c ربحي مصطفى عليان |
|
| 260 |
_aعمان: _bدار صفاء, _c2010 |
||
| 300 |
_a383 صفحة؛ _bإيضاحات ؛ _c24 سم |
||
| 504 | _aمراجع ص.379 | ||
| 520 | _aمفاهيم أساسية في تسويق المعلومات ، بيئة تسويق المعلومات ، التسويق و تسويق الخدمات في المؤسسات المعلوماتية ، تجزئة السوق المستهدفة و المزيج التسويقي ، استراتيجية تسويق المعلومات ، العلاقات العامة في خدمة العملية التسويقية، التسويق عبر الانترنيت ، بحوث التسويق و نظام المعلومات التسويقي . | ||
| 653 | _aالبث الإنتقائي للمعلومات | ||
| 653 | _aالمعلومات | ||
| 653 | _aالمكتبات | ||
| 653 | _aخدمات المعلومات | ||
| 700 |
_aالسامرائي، ايمان فاضل _eمؤلف ثانوي |
||
| 942 | _cكتاب | ||
| 999 |
_c43630 _d43630 |
||